00636nam a22001937a 4500003000400000005001700004008004100021020001800062040002900080050002300109100003000132245006900162260004200231300003000273650005300303650005400356942001500410999001700425OSt20260605155636.0260605b |||||||| |||| 00| 0 eng d a9781571107909 cChuka University Library aQA 135.53 .S5 2011 aShumway Jessica F.927187 aNumber Sense Routines: Building Numerical Literacy Every Day in  aportland bStenhouse publishersc2011 axiv,178 ppbillustrations aMathematics- Study and teaching (primary)926762 aMathematics-Study and teaching (preschool)927411 2lcccBKn0 c23417d23417